Vedec-hrdina

Podrobná bibliografia
Hlavní autori: -až- (Autor), Ančarov, Michail Leonidovič (Autor)
Médium: Článok
Jazyk:slovenčina
Predmet:

MARC

LEADER 00000nab a2200000 a 4500
001 vtls000210896
003 SK-MaSNL
005 20260302212130.0
008 111130c1985 xo 0 slo
015 |a SNBRB19rr/mm-uuuuu 
035 |a CL0221009 
040 |a SNKBUCL  |b slo  |c SNKBUCL  |e AACR2 
041 0 |a slo 
044 |a xo  |c SK 
080 |a 82.09:882-3(048)  |2 1981 
080 |a 882-3(048)  |2 1981 
100 1 |a -až-  |4 aut  |9 921827 
245 1 0 |a Vedec-hrdina  |c -až- ; Michail Leonidovič Ančarov 
650 0 7 |a romány spoločenské  |2 snkbucl  |9 402806 
655 7 |a články z novín a časopisov  |2 snkbucl  |9 267496 
655 7 |a články z odboru literárna veda a krásna literatúra  |2 snkbucl  |9 770045 
700 1 |a Ančarov, Michail Leonidovič  |4 aut  |9 936430 
773 0 |t Nové knihy  |g Č. 10 (1985), s. 4 
787 0 8 |i Rec.:  |a Ančarov, Michail Leonidovič  |t Buxusový les  |d Bratislava : Smena, 1984 
850 |a Slovenská národná knižnica v Martine  |a MTA001 
852 |a SNK  |b KIS3GCP 
958 |a RK 
958 |a LX 
958 |a SU 
992 |a RBX 
999 |c 1487865  |d 1489795